• 首页
  • 本馆介绍
  • 公告通知
  • 最新文献
  • 馆藏检索
  • 电子资源
  • 读者导购
  • 参考咨询
  • 我的图书馆
  • 登录
  • 详细信息显示
  • 放入我的书架
  • 预约/预借图书
  • 作者相关作品
  • 分类相关作品
  • 丛书相关作品
  • 出版社相关作品

书目信息

  • 表格格式
  • 工作单格式
  • 卡片格式
题名:
图解设施葡萄高产栽培修剪与病虫害防治
    
 
作者: 房经贵 主编
分册:  
出版信息: 北京   化学工业出版社  2018
页数: 188页
开本: 21cm
丛书名: 果树栽培修剪图解丛书
单 册:
中图分类: S663.1-64 , S436.631-64
科图分类:
主题词: 葡萄栽培--pu tao zai pei--图解 , 葡萄--pu tao--病虫害防治--图解
电子资源:
ISBN: 978-7-122-32035-3
000 01518nam 2200313 45
001 012001000650
005 20140106142613.0
010    @a978-7-122-32035-3@dCNY29.90
099    @aCAL 012018117964
100    @a20180925d2018 em y0chiy50 ea
101 0  @achi
102    @aCN@b110000
105    @aaf a 000yy
106    @ar
200 1  @a图解设施葡萄高产栽培修剪与病虫害防治@Atu jie she shi pu tao gao chan zai pei xiu jian yu bing chong hai fang zhi@f房经贵主编
210    @a北京@c化学工业出版社@d2018
215    @a188页@c图 (部分彩图)@d21cm
225 2  @a果树栽培修剪图解丛书@Aguo shu zai pei xiu jian tu jie cong shu
320    @a有书目 (第187-188页)
330    @a当前我国葡萄设施栽培发展迅猛, 由于可有效控制病虫害和调控上市供应期, 使葡萄产业效益显著提高。本书由国家现代葡萄产业技术体系专家编著, 在总结多年葡萄设施栽培实践的基础上, 结合全国各地开展设施栽培的先进经验, 以实用为主, 图文并茂, 以图解的形式围绕设施葡萄高效、优质、安全生产, 重点介绍了设施葡萄优良品种、设施葡萄整形修剪与配套栽培技术、设施葡萄病虫害及综合防治方法等, 并阐述了当前葡萄设施栽培新进展与新技术。
410  0 @12001 @a果树栽培修剪图解丛书
517 1  @a设施葡萄高产栽培修剪与病虫害防治@Ashe shi pu tao gao chan zai pei xiu jian yu bing chong hai fang zhi
606 0  @a葡萄栽培@Apu tao zai pei@j图解
606 0  @a葡萄@Apu tao@x病虫害防治@j图解
690    @aS663.1-64@v5
690    @aS436.631-64@v5
701  0 @a房经贵@Afang jing gui@4主编
801  0 @aCN@b北京卓展文化@c20191020
905    @b1200767-70@dS663.1-64@e514@f4
    
    图解设施葡萄高产栽培修剪与病虫害防治/房经贵主编.-北京:化学工业出版社,2018
    188页:图 (部分彩图);21cm.-(果树栽培修剪图解丛书)
    
    
    ISBN 978-7-122-32035-3:CNY29.90
    当前我国葡萄设施栽培发展迅猛, 由于可有效控制病虫害和调控上市供应期, 使葡萄产业效益显著提高。本书由国家现代葡萄产业技术体系专家编著, 在总结多年葡萄设施栽培实践的基础上, 结合全国各地开展设施栽培的先进经验, 以实用为主, 图文并茂, 以图解的形式围绕设施葡萄高效、优质、安全生产, 重点介绍了设施葡萄优良品种、设施葡萄整形修剪与配套栽培技术、设施葡萄病虫害及综合防治方法等, 并阐述了当前葡萄设施栽培新进展与新技术。
●
相关链接 在E读中查询图书 在五车中查询图书 在当当中查询图书 在豆瓣中查询图书


正题名:图解设施葡萄高产栽培修剪与病虫害防治     索取号:S663.1-64/514         预约/预借

序号 登录号 条形码 馆藏地/架位号 状态 备注
1 1200767   212007674   第二样本阅览室/ [索取号:S663.1-64/514] 在馆    
2 1200768   212007683   第三借阅区/ [索取号:S663.1-64/514] 在馆    
3 1200769   212007692   第三借阅区/ [索取号:S663.1-64/514] 在馆    
4 1200770   212007709   第三借阅区/ [索取号:S663.1-64/514] 在馆    
唐山师范学院图书馆 欢迎您!
大连网信软件有限公司© 版权所有